[Event "Shenzhen Masters"]
[Site "Shenzhen CHN"]
[Date "2017.03.29"]
[EventDate "2017.03.22"]
[Round "6"]
[Result "1/2-1/2"]
[White "Anish Giri"]
[Black "Michael Adams"]
[WhiteElo "2769"]
[BlackElo "2761"]
[PlyCount "61"]

1. d4 Nf6 2. c4 e6 3. Nf3 b6 4. g3 Bb4+ 5. Bd2 Be7 6. Nc3 Bb7
7. Qb1 d5 8. cxd5 Nxd5 9. Bg2 Nd7 10. O-O O-O 11. Nxd5 Bxd5
12. e4 Bb7 13. b4 h6 14. Re1 Qc8 15. b5 a6 16. a4 Rd8 17. Bc3
axb5 18. axb5 c5 19. bxc6 Qxc6 20. Rxa8 Rxa8 21. Bd2 Qa4
22. d5 exd5 23. exd5 Bf8 24. Be3 Ra5 25. d6 Be4 26. Qc1 Bxd6
27. Qc8+ Bf8 28. Bh3 Bxf3 29. Bxd7 b5 30. Qb8 Ra8 31. Qxb5
1/2-1/2

[Event "Shenzhen Masters"]
[Site "Shenzhen CHN"]
[Date "2017.04.02"]
[EventDate "2017.03.22"]
[Round "10"]
[Result "1/2-1/2"]
[White "Anish Giri"]
[Black "Yu Yangyi"]
[WhiteElo "2769"]
[BlackElo "2750"]
[PlyCount "70"]

1. e4 e5 2. Nf3 Nf6 3. Nxe5 d6 4. Nf3 Nxe4 5. d4 d5 6. Bd3 Nc6
7. O-O Be7 8. Nbd2 Nd6 9. c3 Bf5 10. Nb3 O-O 11. Re1 Bxd3
12. Qxd3 a5 13. a4 Ne4 14. Be3 Qc8 15. Ne5 Bd6 16. f3 Nf6
17. Nxc6 bxc6 18. Re2 Re8 19. Rae1 Nd7 20. Bf2 Rxe2 21. Qxe2
Qb7 22. Nc1 Rb8 23. Nd3 Qb3 24. Bg3 h6 25. Bxd6 cxd6 26. Qe7
Qc2 27. Qxd7 Qxd3 28. h3 Qd2 29. Re8+ Rxe8 30. Qxe8+ Kh7
31. Qxf7 Qxb2 32. Qf5+ Kh8 33. Qf8+ Kh7 34. Qf5+ Kh8 35. Qc8+
Kh7 1/2-1/2